<?xml version="1.0" encoding="UTF-8"?>
<record
    xmlns:xsi="http://www.w3.org/2001/XMLSchema-instance"
    xsi:schemaLocation="http://www.loc.gov/MARC21/slim http://www.loc.gov/standards/marcxml/schema/MARC21slim.xsd"
    xmlns="http://www.loc.gov/MARC21/slim">

  <leader>01109nam a22002537a 4500</leader>
  <controlfield tag="005">20170124103130.0</controlfield>
  <datafield tag="010" ind1=" " ind2=" ">
    <subfield code="a">B-043305</subfield>
  </datafield>
  <datafield tag="020" ind1=" " ind2=" ">
    <subfield code="c">250.00</subfield>
  </datafield>
  <datafield tag="035" ind1=" " ind2=" ">
    <subfield code="a">B-043305</subfield>
  </datafield>
  <datafield tag="037" ind1=" " ind2=" ">
    <subfield code="b">Cen Lib/Ret</subfield>
  </datafield>
  <datafield tag="040" ind1=" " ind2=" ">
    <subfield code="a">DPL</subfield>
    <subfield code="b">HN</subfield>
  </datafield>
  <datafield tag="082" ind1=" " ind2=" ">
    <subfield code="a">780.92</subfield>
    <subfield code="b">&#x91A;&#x915;&#x94D;&#x930;&#x935; </subfield>
  </datafield>
  <datafield tag="100" ind1=" " ind2=" ">
    <subfield code="a">&#x91A;&#x915;&#x94D;&#x930;&#x935;&#x930;&#x94D;&#x924;&#x940;, &#x915;&#x935;&#x93F;&#x924;&#x93E; </subfield>
    <subfield code="9">83830</subfield>
  </datafield>
  <datafield tag="245" ind1=" " ind2=" ">
    <subfield code="a">&#x92D;&#x93E;&#x930;&#x924;&#x940;&#x92F; &#x938;&#x902;&#x917;&#x940;&#x924; &#x915;&#x94B; &#x92E;&#x939;&#x93E;&#x928; &#x938;&#x902;&#x917;&#x940;&#x924;&#x91C;&#x94D;&#x91E;&#x94B;&#x902; &#x915;&#x940; &#x926;&#x947;&#x928; /</subfield>
    <subfield code="c">&#x915;&#x935;&#x93F;&#x924;&#x93E; &#x91A;&#x915;&#x94D;&#x930;&#x935;&#x930;&#x94D;&#x924;&#x940;</subfield>
  </datafield>
  <datafield tag="246" ind1=" " ind2=" ">
    <subfield code="a">bhartiya sangeet ko mahan sangeetigyon ki den /</subfield>
    <subfield code="b">by Kavita Chakravarti</subfield>
  </datafield>
  <datafield tag="260" ind1=" " ind2=" ">
    <subfield code="a">&#x91C;&#x94B;&#x927;&#x92A;&#x941;&#x930; </subfield>
    <subfield code="b">&#x930;&#x93E;&#x91C;&#x938;&#x94D;&#x925;&#x93E;&#x928;&#x940; &#x917;&#x94D;&#x930;&#x902;&#x925;&#x94D;&#x917;&#x93E;&#x930; </subfield>
    <subfield code="c">2001</subfield>
  </datafield>
  <datafield tag="270" ind1=" " ind2=" ">
    <subfield code="b">&#x91C;&#x94B;&#x927;&#x92A;&#x941;&#x930; </subfield>
    <subfield code="a">&#x938;&#x94B;&#x91C;&#x924;&#x940; &#x917;&#x947;&#x91F; </subfield>
  </datafield>
  <datafield tag="300" ind1=" " ind2=" ">
    <subfield code="a">vi,164&#x92A;&#x943;.</subfield>
    <subfield code="c">19&#x938;&#x947;&#x92E;&#x940;(&#x938;&#x91C;&#x93F;&#x932;&#x94D;&#x926; ) </subfield>
  </datafield>
  <datafield tag="650" ind1=" " ind2=" ">
    <subfield code="a">&#x938;&#x902;&#x917;&#x940;&#x924;--&#x92D;&#x93E;&#x930;&#x924; </subfield>
    <subfield code="x"> </subfield>
    <subfield code="z"> </subfield>
    <subfield code="9">83831</subfield>
  </datafield>
  <datafield tag="650" ind1=" " ind2=" ">
    <subfield code="a">&#x938;&#x902;&#x917;&#x940;&#x924;--&#x92D;&#x93E;&#x930;&#x924;--&#x938;&#x902;&#x917;&#x940;&#x924;&#x91C;&#x94D;&#x91E;&#x94B;&#x902; </subfield>
    <subfield code="9">83832</subfield>
  </datafield>
  <datafield tag="650" ind1=" " ind2=" ">
    <subfield code="a">Music - India</subfield>
    <subfield code="9">83833</subfield>
  </datafield>
  <datafield tag="650" ind1=" " ind2=" ">
    <subfield code="a">Music - India - musicians</subfield>
    <subfield code="9">83834</subfield>
  </datafield>
  <datafield tag="942" ind1=" " ind2=" ">
    <subfield code="2">ddc</subfield>
    <subfield code="c">HN</subfield>
    <subfield code="h">780.92</subfield>
    <subfield code="m">&#x91A;&#x915;&#x94D;&#x930;&#x935; </subfield>
  </datafield>
  <datafield tag="999" ind1=" " ind2=" ">
    <subfield code="c">119208</subfield>
    <subfield code="d">119208</subfield>
  </datafield>
  <datafield tag="952" ind1=" " ind2=" ">
    <subfield code="0">0</subfield>
    <subfield code="1">0</subfield>
    <subfield code="4">0</subfield>
    <subfield code="7">0</subfield>
    <subfield code="a">L</subfield>
    <subfield code="b">L</subfield>
    <subfield code="d">2015-09-16</subfield>
    <subfield code="e">Cen Lib/Ref</subfield>
    <subfield code="g">250.00</subfield>
    <subfield code="l">2</subfield>
    <subfield code="m">2</subfield>
    <subfield code="o">780.92 &#x91A;&#x915;&#x94D;&#x930;&#x935;</subfield>
    <subfield code="p">B-043305</subfield>
    <subfield code="r">2022-04-04 00:00:00</subfield>
    <subfield code="s">2022-03-23</subfield>
    <subfield code="t">1</subfield>
    <subfield code="v">250.00</subfield>
    <subfield code="w">2015-09-16</subfield>
    <subfield code="y">HN</subfield>
  </datafield>
</record>
